[Event "VII Ugra Governor's Cup"]
[Site "Khanty-Mansiysk RUS"]
[Date "2011.09.08"]
[Round "9"]
[White "Mirovalov,T"]
[Black "Romanov,E"]
[Result "0-1"]
[WhiteElo "2281"]
[BlackElo "2624"]

1.c4 b6 2.Nc3 Bb7 3.Nf3 Nf6 4.d4 e6 5.Bg5 h6 6.Bh4 g5 7.Bg3 Nh5 8.e3 d6 9.Nd2 Nxg3
10.hxg3 Nd7 11.Qc2 Bg7 12.g4 a6 13.Nde4 Qe7 14.Bd3 O-O-O 15.O-O-O Kb8 16.Be2 Rhf8
17.Bf3 f5 18.gxf5 Rxf5 19.Bg4 Rff8 20.Rd2 d5 21.cxd5 exd5 22.Ng3 Nf6 23.Nf5 Qd7
24.Bd1 Ne4 25.Nxe4 dxe4 26.g4 Rf6 27.Kb1 Bf8 28.Qc1 a5 29.Be2 b5 30.Rc2 Bd5
31.Ka1 a4 32.Qd2 Rb6 33.Rhc1 c6 34.Rh1 Qe6 35.Qa5 Kb7 36.Rc5 a3 37.bxa3 Ra8
38.Qb4 Ra4 39.Qb2 b4 40.Qc2 Rxa3 41.Bc4 b3 42.Bxd5 cxd5  0-1

[Event "8th LGA Premium Cup"]
[Site "Nuernberg GER"]
[Date "2011.09.09"]
[Round "2.72"]
[White "Neumann,Ro"]
[Black "Walter,T"]
[Result "1-0"]
[WhiteElo "1869"]
[BlackElo "2131"]

1.c4 b6 2.Nc3 Bb7 3.e4 g6 4.d4 Bg7 5.Nf3 e6 6.g3 Ne7 7.Bg2 O-O 8.O-O d5 9.cxd5 exd5
10.e5 c5 11.Re1 Nbc6 12.Bf4 h6 13.h4 Re8 14.Nb5 Nf5 15.dxc5 bxc5 16.g4 Nxh4
17.Nxh4 Qxh4 18.Nc7 Rxe5 19.Nxa8 Rxe1+ 20.Qxe1 Qxg4 21.Qe8+ Kh7 22.Bg3 Nd4
23.Re1 Bc6 24.Qxf7 Bxa8 25.Re8 Ne2+ 26.Kh2 h5 27.Be5 Qh4+ 28.Bh3  1-0

[Event "37th ch-LIB"]
[Site "Beirut LIB"]
[Date "2011.09.13"]
[Round "8"]
[White "Khairallah,F"]
[Black "Kassis,A LIB"]
[Result "1-0"]
[WhiteElo "2283"]
[BlackElo "2230"]

1.c4 b6 2.Nc3 Bb7 3.e4 e6 4.Nf3 Bb4 5.Bd3 Ne7 6.O-O O-O 7.a3 Bxc3 8.dxc3 f5
9.e5 Nbc6 10.Re1 Ng6 11.b4 Qe7 12.Qe2 Nh4 13.Nxh4 Qxh4 14.f4 Ne7 15.Be3 h6
16.g3 Qh3 17.Qf1 Qxf1+ 18.Bxf1 Rad8 19.c5 Nd5 20.Bd4 g5 21.c4 Ne7 22.cxb6 cxb6
23.c5 gxf4 24.cxb6 a6 25.gxf4 Ng6 26.Be3 Nh4 27.Rec1 Nf3+ 28.Kf2 Nxh2 29.Rc7 Ng4+
30.Ke2 Be4 31.Bc5 Rf7 32.Kd2 Ra8 33.b7  1-0

[Event "e2e4 Sunningdale Autumn"]
[Site "Sunningdale ENG"]
[Date "2011.09.17"]
[Round "3"]
[White "Beaumont,C"]
[Black "Arkell,K"]
[Result "1/2-1/2"]
[WhiteElo "2278"]
[BlackElo "2409"]

1.c4 b6 2.e4 Bb7 3.Nc3 e6 4.g3 Bb4 5.Nge2 f5 6.Bg2 Nf6 7.f3 fxe4 8.fxe4 e5
9.a3 Be7 10.O-O O-O 11.b4 a5 12.Rb1 axb4 13.axb4 Na6 14.b5 Nc5 15.Nd5 Nfxe4
16.d3 Nf6 17.Nec3 Nxd5 18.Nxd5 Ra7 19.Bb2 d6 20.Qg4 Kh8 21.d4 Bxd5 22.Bxd5 Nd3
23.Be4 Nxb2 24.Qh5 Rxf1+ 25.Rxf1 Qg8 26.Bxh7 Qxh7 27.Qe8+ Qg8 28.Qh5+  1/2-1/2

[Event "4th Mumbai Mayors Cup"]
[Site "Mumbai IND"]
[Date "2011.09.19"]
[Round "5"]
[White "Joshi,GB"]
[Black "Rahman,Zia"]
[Result "0-1"]
[WhiteElo "2254"]
[BlackElo "2528"]

1.c4 b6 2.Nf3 Bb7 3.g3 Bxf3 4.exf3 c5 5.Bg2 Nc6 6.f4 g6 7.O-O Bg7 8.Nc3 Nh6
9.b3 Nf5 10.Bb2 O-O 11.Rb1 e6 12.h4 Ncd4 13.h5 Rb8 14.Qg4 b5 15.d3 Qa5 16.hxg6 hxg6
17.cxb5 d5 18.Rfc1 Rfc8 19.Qd1 Nxb5 20.Nxb5 Qxb5 21.Be5 Bxe5 22.fxe5 Qb4
23.Kf1 Qd4 24.Qe2 Kg7 25.Rb2 Rh8 26.Rbc2 Rbc8 27.Rc3 Rh2 28.R3c2 a5 29.Rc3 Rh6
30.R3c2 g5 31.Rc3 g4  0-1

[Event "Tatry Open"]
[Site "Tatranske Zruby SVK"]
[Date "2011.09.30"]
[Round "7.47"]
[White "Koval,Dan"]
[Black "Jancura,A"]
[Result "1/2-1/2"]
[WhiteElo "2093"]
[BlackElo "1893"]

1.c4 b6 2.Nc3 e6 3.e4 c5 4.Nf3 Bb7 5.d3 d6 6.Be2 Nd7 7.O-O Be7 8.Bf4 e5 9.Be3 h6
10.h3 a6 11.Nh2 Bg5 12.f4 exf4 13.Bxf4 Bxf4 14.Rxf4 Ngf6 15.Qe1 Qe7 16.Nd5 Bxd5
17.cxd5 Qe5 18.Qd2 Qd4+ 19.Kh1 Ne5 20.Rc1 Nfd7 21.Nf1 b5 22.Qc3 O-O 23.Rd1 Qxc3
24.bxc3 Ng6 25.Rf2 Rfe8 26.Ne3 Ne7 27.Rdf1 Rf8 28.Bh5 g6 29.Bg4 Ne5 30.d4 Nxg4
31.Nxg4 f5 32.Nxh6+ Kg7 33.dxc5 Kxh6 34.cxd6 Nxd5 35.exd5 Rfd8 36.Rf4 Rxd6
37.Rd4 Rad8 38.Rfd1 Kg5 39.Kh2 Kf6 40.Kg3 Ke5 41.Kh4 Rh8+ 42.Kg3 Rc8 43.R1d3 g5
44.Kf3 Rxc3 45.g4 Rxd3+ 46.Rxd3 Rxd5 47.Re3+ Kf6 48.Rc3 fxg4+ 49.hxg4 Ke5
50.Ke3 Kd6 51.Ra3 Kc5 52.Rxa6 Re5+ 53.Kd3 Kb4 54.Rg6 Rc5  1/2-1/2

[Event "8th Highlands Open"]
[Site "Zdar nad Sazavou CZE"]
[Date "2011.09.30"]
[Round "8"]
[White "Bradac,R"]
[Black "Zavadil,M"]
[Result "1/2-1/2"]
[WhiteElo "2038"]
[BlackElo "2124"]

1.c4 b6 2.Nc3 Bb7 3.Nf3 Bxf3 4.exf3 c5 5.f4 Nc6 6.Be2 Nf6 7.Bf3 g6 8.O-O Bg7
9.Ne2 O-O 10.d4 Rc8 11.d5 Na5 12.Qa4 Ne8 13.Rb1 Nd6 14.b3 e6 15.Bb2 Bxb2
16.Rxb2 a6 17.Rc2 b5 18.cxb5 axb5 19.Qa3 Qb6 20.Qc1 c4 21.bxc4 Rxc4 22.Rxc4 bxc4
23.Nc3 Rb8 24.Qe3 Nf5 25.Qe5 d6 26.Qf6 Qd4 27.Qxd4 Nxd4 28.Be4 f5 29.Rb1 Rxb1+
30.Bxb1 Kf7 31.dxe6+ Kxe6 32.f3 Ndc6 33.h4 d5 34.h5 d4 35.hxg6 hxg6 36.Ne4 fxe4
37.fxe4 d3 38.Kf2 Nb7 39.Ke3 Nc5 40.g4 Nb4 41.f5+ gxf5 42.exf5+ Kf6 43.a3 c3
44.axb4 c2 45.Bxc2 dxc2 46.Kd2  1/2-1/2

[Event "11th Winterthur Open"]
[Site "Winterthur SUI"]
[Date "2011.10.09"]
[Round "2"]
[White "Gorse,G"]
[Black "Rausis,I"]
[Result "0-1"]
[WhiteElo "2068"]
[BlackElo "2497"]

1.c4 b6 2.Nc3 Bb7 3.e4 e6 4.Nge2 Nf6 5.d3 d5 6.cxd5 exd5 7.e5 d4 8.exf6 dxc3
9.fxg7 Bxg7 10.Nxc3 Qh4 11.Qa4+ Qxa4 12.Nxa4 Nc6 13.Bg5 Rg8 14.h4 Bd4 15.Nc3 f6
16.Be3 O-O-O 17.O-O-O Kb8 18.Ne4 Rgf8 19.Be2 f5 20.Ng5 Rd7 21.Rhe1 f4 22.Bxd4 Nxd4
23.Bf1 Bd5 24.Kb1 a5 25.Re5 h6 26.Ne4 Nc6 27.Rxd5 Rxd5 28.Be2 Nd4 29.Bg4 Re5
30.g3 Kb7 31.Bh3 fxg3 32.fxg3 b5 33.Bg2 Kb6 34.g4 Rf4 35.Bh3 a4 36.Rg1 Rf3
37.Bf1 Re3 38.g5 Re1+  0-1

[Event "TCh-FIN SM-Liiga 2011-12"]
[Site "Porvoo FIN"]
[Date "2011.10.15"]
[Round "3.7"]
[White "Hentunen,A"]
[Black "Kosmo,S"]
[Result "1-0"]
[WhiteElo "2321"]
[BlackElo "2213"]

1.c4 b6 2.Nc3 c5 3.Nf3 Bb7 4.e4 e6 5.d4 cxd4 6.Qxd4 d6 7.Bd3 Nd7 8.O-O Ngf6
9.Bg5 a6 10.Rfd1 Qc7 11.Rac1 Be7 12.b4 O-O 13.a3 Rfe8 14.Bc2 Rac8 15.Bb3 Qb8
16.Nd2 Rcd8 17.Ba4 Qa8 18.f4 e5 19.Qd3 exf4 20.Bxf4 Ne5 21.Qe3 Bc6 22.Bxe5 dxe5
23.Bxc6 Qxc6 24.Nd5 a5 25.Rb1 axb4 26.axb4 b5 27.Nxf6+ gxf6 28.cxb5 Qxb5
29.Nf3 Bxb4 30.Kh1 Qa5 31.Nh4 Bf8 32.Nf5 Qa3 33.Qe2 Rxd1+ 34.Rxd1 Ra8 35.h3 Rc8
36.Qg4+ Kh8 37.Nh6 Bxh6 38.Qxc8+ Kg7 39.Qg4+ Kh8 40.Rd8+ Bf8 41.Kh2 Qc5 42.h4 h6
43.h5 Qb4 44.Rd3 Bg7 45.Qc8+ Bf8 46.Rg3 Qd6 47.Qg4  1-0

[Event "TCh-FIN SM-Liiga 2011-12"]
[Site "Espoo FIN"]
[Date "2011.10.16"]
[Round "4.6"]
[White "Hentunen,A"]
[Black "Linnanen,L"]
[Result "1-0"]
[WhiteElo "2321"]
[BlackElo "2168"]

1.c4 b6 2.Nc3 Bb7 3.e4 c5 4.Nf3 e6 5.d4 cxd4 6.Qxd4 Nc6 7.Qd1 Bb4 8.Bd2 Nge7
9.a3 Bxc3 10.Bxc3 O-O 11.e5 d5 12.exd6 Nf5 13.d7 Nb8 14.Bb4 Ne7 15.Qd6 Nbc6
16.Bc3 Nf5 17.Qd3 Qe7 18.O-O-O Rfd8 19.Be2 Nb8 20.Ne5 a5 21.Bf3 Bxf3 22.Qxf3 Ra7
23.g4 Nh4 24.Qe3 Rb7 25.Qe4 Rc7 26.Qd4 Qc5 27.Qxc5 Rxc5 28.Bd4  1-0

[Event "TCh-FIN SM-Liiga 2011-12"]
[Site "Tampere FIN"]
[Date "2011.10.16"]
[Round "4.6"]
[White "Kytoniemi,J"]
[Black "Parkkinen,J"]
[Result "1-0"]
[WhiteElo "2283"]
[BlackElo "2165"]

1.c4 b6 2.e4 Bb7 3.Nc3 e5 4.d3 Nc6 5.g3 Bc5 6.Nf3 d6 7.Bg2 Nge7 8.O-O O-O
9.a3 a5 10.Rb1 Nd4 11.Nh4 Ne6 12.b4 axb4 13.axb4 Bd4 14.Nd5 c6 15.Nxe7+ Qxe7
16.Nf5 Qc7 17.Kh1 Kh8 18.f4 f6 19.Nh4 Qf7 20.Qg4 Rfb8 21.f5 Nf8 22.Nf3 g5
23.fxg6 hxg6 24.Nxd4 exd4 25.Qf4 Kg7 26.Qxd6 Rd8 27.Qf4 Nd7 28.Qh6+ Kg8 29.Bf4 Qg7
30.Qh3 Nf8 31.Bh6 Qe7 32.Bxf8 Rxf8 33.Qh6 Qg7 34.Qxg7+ Kxg7 35.Ra1 Rfe8 36.Kg1 c5
37.bxc5 bxc5 38.Rfb1 Rxa1 39.Rxa1 Kf7 40.Ra7 Re7 41.e5  1-0

[Event "TCh-SVK Extraliga 2011-12"]
[Site "Slovakia SVK"]
[Date "2011.10.22"]
[Round "1"]
[White "Hausner,I"]
[Black "Bokros,A"]
[Result "1/2-1/2"]
[WhiteElo "2407"]
[BlackElo "2452"]

1.c4 b6 2.Nc3 Bb7 3.d4 e6 4.a3 Nf6 5.Nf3 d6 6.g3 Nbd7 7.Bg2 Ne4 8.Nxe4 Bxe4
9.O-O Be7 10.b3 O-O 11.Bb2 f5 12.Qd2 Bf6 13.Ne1 Bxg2 14.Nxg2 Qe7 15.Rae1 e5
16.Ne3  1/2-1/2

[Event "15th OIBM"]
[Site "Bad Wiessee GER"]
[Date "2011.10.31"]
[Round "3.4"]
[White "Carlstedt,J"]
[Black "Khenkin,I"]
[Result "0-1"]
[WhiteElo "2326"]
[BlackElo "2624"]

1.c4 b6 2.Nc3 Bb7 3.e3 e6 4.b3 f5 5.Nf3 Nf6 6.Be2 Bd6 7.Bb2 O-O 8.Qc2 Nc6
9.Rd1 a6 10.d4 Qe8 11.h3 Qg6 12.Rg1 Ne4 13.Nxe4 fxe4 14.Ne5 Bxe5 15.dxe5 Rf7
16.g3 Qf5 17.Bg4 Nb4 18.Bxf5 Nxc2+ 19.Kd2 Nb4 20.Bg4 Rxf2+ 21.Be2 Nxa2 22.Ke1 Rf7
23.Bh5 g6 24.Be2 Nb4 25.h4 a5 26.Bc3 c5 27.Rd6 Bc6 28.Kd2 Rf2 29.g4 Rh2 30.h5 Rf8
31.Kd1 a4 32.hxg6 hxg6 33.Bxb4 cxb4 34.bxa4 Ra8 35.Rd2 Rxa4 36.Ke1 b3 37.Bd1 Rh3
38.Kf2 Ra2 39.Rxa2 bxa2 40.Bb3 Rh2+  0-1

[Event "1st Panama Open"]
[Site "Panama City PAN"]
[Date "2011.11.05"]
[Round "6.10"]
[White "Shoker,S"]
[Black "Quinones,Cen"]
[Result "1/2-1/2"]
[WhiteElo "2512"]
[BlackElo "2315"]

1.c4 b6 2.Nc3 c5 3.g3 Bb7 4.e4 g6 5.Bg2 Bg7 6.Nge2 Nc6 7.O-O h5 8.h3 a6 9.f4 d6
10.d3 Rb8 11.Be3 Nd4 12.Rb1 e5 13.b4 Ne7 14.bxc5 bxc5 15.Qa4+ Bc6 16.Rxb8 Nxe2+
17.Nxe2 Qxb8 18.Qxa6 Qb2 19.fxe5 Qxe2 20.Bg5 Bxe5 21.Bxe7 Qe3+ 22.Kh1 Kxe7
23.Qxc6 Qxg3 24.Qc7+ Ke8 25.Qc8+ Ke7 26.Qc7+ Ke8  1/2-1/2

[Event "61st ch-GRE 2011"]
[Site "Chania GRE"]
[Date "2011.12.02"]
[Round "6"]
[White "Mastrovasilis,A"]
[Black "Moutousis,K"]
[Result "1-0"]
[WhiteElo "2530"]
[BlackElo "2438"]

1.c4 b6 2.d4 e6 3.Nc3 Bb7 4.a3 Nf6 5.Nf3 d5 6.Qa4+ c6 7.cxd5 exd5 8.Bg5 Be7
9.e3 O-O 10.Bd3 Nbd7 11.O-O Re8 12.Rac1 h6 13.Bf4 Bf8 14.Rfd1 g6 15.h3 Re6
16.Bh2 a6 17.Qb3 c5 18.dxc5 Nxc5 19.Qc2 Rc8 20.Nd4 Re7 21.Qb1 Nxd3 22.Qxd3 Re8
23.Nce2 Qd7 24.Nf3 Rxc1 25.Rxc1 Rc8 26.Rxc8 Qxc8 27.Be5 Ne4 28.Bd4 b5 29.Ne5 Qc7
30.f3 Nd6 31.Ng4 Ne8 32.Nf4 Qc1+ 33.Kf2 Qc4 34.Qb1 Qc6 35.Ne5 Qd6 36.Qc2 h5
37.g4 hxg4 38.hxg4 Qc7 39.Qd2 a5 40.Kg2 b4 41.axb4 Bxb4 42.Qd3 Ng7 43.Nexg6 fxg6
44.Qxg6 Qf7 45.Qh6 Bf8 46.Nh5 Qe6 47.Qg5 Qe7 48.Qg6  1-0

[Event "XXII Cajacanarias Christmas"]
[Site "Santa Cruz de Tenerife ESP"]
[Date "2011.12.22"]
[Round "5"]
[White "Saumweber,Walter"]
[Black "Darias Darias,L"]
[Result "1-0"]
[WhiteElo "2108"]
[BlackElo "1845"]

1.c4 b6 2.Nc3 Bb7 3.e4 e5 4.g3 Nf6 5.Bg2 Be7 6.Nge2 O-O 7.O-O c6 8.d4 d6
9.f4 Nbd7 10.h3 Qc7 11.b3 a6 12.Ba3 c5 13.dxe5 dxe5 14.Bb2 Rad8 15.Nd5 Nxd5
16.cxd5 Bd6 17.Qd3 Qb8 18.Kh1 f6 19.a4 Rfe8 20.h4 Kh8 21.Bh3 Bc8 22.Be6 Nf8
23.f5 Bc7 24.Qc4 Bd6 25.Nc3 Re7 26.Ra2 Ra7 27.Qe2 Bd7 28.Bc1 Be8 29.Be3 Qb7
30.g4 Rb8 31.Qf2 Nxe6 32.fxe6 Bg6 33.h5 Bxe4+ 34.Nxe4 Qxd5 35.Qf5 Be7 36.Rd2 Qxb3
37.Rf3 Qxa4 38.g5 Qc6 39.gxf6 gxf6 40.Nxf6 Bd6 41.Nd7 Rxd7 42.exd7  1-0

[Event "ch-AUS 2011-12"]
[Site "North Geelong AUS"]
[Date "2011.12.27"]
[Round "1.13"]
[White "Stojic,D"]
[Black "Muller,J"]
[Result "1-0"]
[WhiteElo "2287"]
[BlackElo "2023"]

1.c4 b6 2.Nc3 c5 3.e4 Bb7 4.Nge2 d6 5.d3 Nf6 6.g3 e6 7.Bg2 a6 8.O-O Qc7 9.a3 Be7
10.Rb1 Nbd7 11.b4 O-O 12.h3 Rac8 13.f4 g6 14.g4 cxb4 15.axb4 b5 16.cxb5 Qb6+
17.d4 axb5 18.Qd3 Rc4 19.Be3 d5 20.e5 Ne8 21.f5 Bxb4 22.Na2 Ba5 23.Kh1 Nc7
24.Bh6 Rc8 25.fxg6 hxg6 26.Rxf7 Kxf7 27.Rf1+ Ke7 28.Qxg6 Ne8 29.Bg5+ Nef6
30.Rxf6 Nxf6 31.Qxf6+ Kd7 32.Qe7+  1-0

[Event "20th Aschacher Donau"]
[Site "Aschach AUT"]
[Date "2011.12.31"]
[Round "7"]
[White "Banas,J"]
[Black "Bukal,V jr"]
[Result "1/2-1/2"]
[WhiteElo "2311"]
[BlackElo "2423"]

1.c4 b6 2.Nc3 Bb7 3.d4 e6 4.a3 f5 5.Nf3 Nf6 6.Bg5 Be7 7.e3 O-O 8.Bd3 c5 9.O-O Ne4
10.Bxe7 Qxe7 11.Rc1 Qf6 12.Be2 d6 13.dxc5 dxc5 14.Qc2 Nd7 15.Nd2 Nxd2 16.Qxd2 Rad8
17.Rcd1 Ne5 18.Qc1 Rxd1 19.Nxd1 Ng6 20.f3 f4 21.Nc3 Qg5 22.e4 h6 23.Rf2 Ne5
24.Bf1 Ba6 25.b3 Rd8 26.Kh1 Nc6 27.Rd2 Rxd2 28.Qxd2 Nd4 29.b4 Qe5 30.h3 Kf7
31.b5 Bc8 32.Ne2 Nxe2 33.Bxe2 Ke7 34.Kh2 g5 35.Qc2 Bd7 36.Qd3 h5 37.Kg1 Be8
38.Kf2 Bg6 39.Qd1 Be8 40.Qd3 Bg6 41.Qd1 Qd6 42.Qa4 Qd7 43.Qd1 Qd6 44.Qa4 g4
45.fxg4 Qd4+ 46.Kf1 hxg4 47.Qxa7+ Kf6 48.hxg4 Bxe4 49.Qxb6 Qa1+ 50.Kf2 Qd4+
51.Kf1 Qa1+ 52.Kf2 Qd4+  1/2-1/2

[Event "17th Bosnjaci Open"]
[Site "Bosnjaci CRO"]
[Date "2012.01.03"]
[Round "1.2"]
[White "Damjanovic,I"]
[Black "Zaja,I"]
[Result "0-1"]
[WhiteElo "1927"]
[BlackElo "2515"]

1.c4 b6 2.Nc3 Bb7 3.e4 e6 4.d4 Bb4 5.Bd3 f5 6.d5 fxe4 7.Bxe4 Qh4 8.Qd3 Nf6
9.Bf3 Na6 10.Be3 Nc5 11.Qe2 Nfe4 12.Rc1 exd5 13.Bxc5 bxc5 14.Bxe4 dxe4 15.Nf3 Qg4
16.O-O O-O 17.Ne1 Qe6 18.Nb5 Ba5 19.Nc2 c6 20.Nc3 d5 21.Na4 Bb6 22.Rfe1 Rae8
23.f3 Qg6 24.Qd2 exf3 25.Rxe8 Rxe8 26.Re1 Rf8 27.Rf1 Ba6 28.Ne3 d4 29.Nd1 Ba5
30.Qf2 Bxc4 31.g3 Bxf1  0-1

[Event "TCh-FIN SM-Liiga 2011-12"]
[Site "Sastamala FIN"]
[Date "2012.01.14"]
[Round "7.4"]
[White "Kauko,J"]
[Black "Maki,V"]
[Result "0-1"]
[WhiteElo "2279"]
[BlackElo "2400"]

1.c4 b6 2.e4 Bb7 3.Nc3 e6 4.a3 c5 5.g3 Nc6 6.Bg2 g6 7.Nge2 Bg7 8.Rb1 Nge7
9.b4 d6 10.O-O O-O 11.d3 Qd7 12.Be3 Nd4 13.Qd2 f5 14.Bh6 Nec6 15.Bxg7 Qxg7
16.exf5 Rxf5 17.f4 Raf8 18.b5 Na5 19.Ne4 Nab3 20.Qd1 Nxe2+ 21.Qxe2 Nd4 22.Qd2 Qd7
23.g4 R5f7 24.Rbe1 Bxe4 25.dxe4 Qe7 26.e5 dxe5 27.Rxe5 Qh4 28.h3 Qh6 29.Re4 Rxf4
30.Rfxf4 Rxf4 31.Qe3 Qf8 32.Re5 Nf3+ 33.Bxf3 Rxf3 34.Qe1 Qf4 35.Kg2 Rxa3
36.Rxe6 Ra2+ 37.Re2 Qe4+ 38.Kf2 Rxe2+ 39.Qxe2 Qxe2+ 40.Kxe2 g5 41.Kf3 Kf7
42.h4 gxh4  0-1

[Event "11th Marienbad GMA"]
[Site "Marianske Lazne CZE"]
[Date "2012.01.26"]
[Round "7"]
[White "Ivanov,MM"]
[Black "Chernyshov,K"]
[Result "0-1"]
[WhiteElo "2389"]
[BlackElo "2567"]

1.c4 b6 2.d4 Bb7 3.Bf4 e6 4.e3 Bb4+ 5.Nd2 f5 6.a3 Bxd2+ 7.Qxd2 Nf6 8.f3 O-O
9.Nh3 d6 10.Bd3 Nbd7 11.Bg5 Qe8 12.O-O h6 13.Bxf6 Rxf6 14.e4 fxe4 15.fxe4 Qf7
16.Rxf6 Qxf6 17.Qf2 e5 18.d5 Qe7 19.Qe3 a5 20.b3 Nf6 21.Be2 Qe8 22.Nf2 Qg6
23.Rc1 Bc8 24.Rc3 Bd7 25.Qg3 Qxg3 26.Rxg3 Kf7 27.Re3 g5 28.Nd1 Kg6 29.h3 h5
30.Kh2 Rf8 31.g3 h4 32.g4 Kg7 33.Kg2 Ng8 34.Rf3 Rf4 35.Nf2 Nf6 36.Bd3 Be8
37.b4 axb4 38.axb4 c6 39.Re3 cxd5 40.cxd5 Bg6 41.Kg1 Kf8 42.Kg2 Ke7 43.Re2 Kd8
44.Re3 Kc7 45.Re2 Kb7 46.Re3 Ne8 47.Bb5 Nf6 48.Bd3 Be8 49.Re1 Bd7 50.Ra1 Ne8
51.Rc1 Nc7 52.Be2 Be8 53.Rc3 Nb5 54.Bxb5 Bxb5 55.Ra3 Rf8 56.Rc3 Rf7 57.Ra3 Rf4
58.Rc3 Be8 59.Ra3 Bg6 60.Re3 Ka6 61.Re2  0-1

[Event "11th Marienbad IMB1"]
[Site "Marianske Lazne CZE"]
[Date "2012.01.26"]
[Round "7"]
[White "Turner,R"]
[Black "Stigar,P"]
[Result "0-1"]
[WhiteElo "2128"]
[BlackElo "2292"]

1.c4 b6 2.Nc3 Bb7 3.e4 e6 4.Nge2 c5 5.g3 Nf6 6.Bg2 Be7 7.O-O Nc6 8.f4 d6
9.d3 O-O 10.h3 a6 11.a3 Nd7 12.Rb1 Qc7 13.f5 Bf6 14.Nf4 Nd4 15.fxe6 fxe6
16.Nce2 Rae8 17.Be3 Nxe2+ 18.Qxe2 Ne5 19.Nh5 Bd8 20.Rxf8+ Rxf8 21.h4 Bc8
22.Nf4 Qe7 23.Nh3 Qe8 24.b3 Bf6 25.Nf4 Nc6 26.Qd2 Bd4 27.Ne2 Bxe3+ 28.Qxe3 e5
29.Rf1 Rxf1+ 30.Kxf1 Be6 31.Bf3 h6 32.Kg1 Qe7 33.Kh2 b5 34.Bg2 Qc7 35.Qd2 Bg4
36.cxb5 axb5 37.Nc3 Nd4 38.Qb2 Be6 39.b4 c4 40.dxc4 Qxc4 41.Kg1 Qxc3  0-1

[Event "TCh-BEL 2011-12"]
[Site "Belgium BEL"]
[Date "2012.01.29"]
[Round "7.2"]
[White "Van Oosterom,C"]
[Black "Bauer,Ch"]
[Result "0-1"]
[WhiteElo "2389"]
[BlackElo "2631"]

1.c4 b6 2.Nc3 Bb7 3.e4 e6 4.Nf3 c5 5.b3 Nf6 6.Bd3 Nc6 7.Bb2 Qb8 8.Qe2 Ng4
9.Rd1 Be7 10.Nd5 exd5 11.exd5 O-O 12.O-O Qf4 13.dxc6 Bxc6 14.Qxe7 f6 15.Rfe1 Bxf3
16.g3 Qh6 17.h4 Rf7 18.Qd6 Bxd1 19.Qd5 Rf8 20.Rxd1 Re8 21.Be4 g6 22.Qb7 Kg7
23.Bd5 Rfe7 24.Qxa7 Qh5 25.Qxb6 Qf5 26.Qxc5 h5 27.Bc3 Re1+ 28.Rxe1 Rxe1+
29.Kg2 Qb1 30.Bb4 Rg1+ 31.Kh3 Rh1+ 32.Kg2 Rh2+ 33.Kf3 Qd3+ 34.Qe3 Rxf2+  0-1

[Event "ch-TUR 2012"]
[Site "Kemer TUR"]
[Date "2012.01.29"]
[Round "2"]
[White "Serhun,H"]
[Black "Sari,S"]
[Result "0-1"]
[WhiteElo "1829"]
[BlackElo "2065"]

1.c4 b6 2.Nc3 Bb7 3.e4 e5 4.Nf3 Nc6 5.d3 Bc5 6.a3 a5 7.Nd5 Nge7 8.Bg5 f6
9.Bh4 O-O 10.Be2 Ng6 11.O-O Nxh4 12.Nxh4 Nd4 13.Nf3 c6 14.Nc3 Nxe2+ 15.Qxe2 d5
16.Qc2 Be7 17.Qb3 dxc4 18.dxc4 Kh8 19.Rfd1 Qc7 20.Na4 Ra6 21.Rac1 Bc8 22.Nc3 Qb8
23.Qc2 Be6 24.Qe2 Ra7 25.Nh4 g6 26.a4 Bc5 27.Qd2 Kg7 28.Qe2 Rd8 29.b3 Rad7
30.Nf3 Bb4 31.Na2 Ba3 32.Rxd7+ Rxd7 33.Rd1 Rxd1+ 34.Qxd1 b5 35.axb5 cxb5
36.Qc2 bxc4 37.bxc4 Bxc4 38.Qxc4 Qb1+ 39.Qf1 Qxa2 40.h4 Bc5 41.g4 a4 42.g5 fxg5
43.hxg5 Qc2 44.Qh3 Qxf2+ 45.Kh1 Be7 46.Qg4 a3 47.Nxe5 a2 48.Qd1 Qb2  0-1

[Event "ch-Central Serbia 2012"]
[Site "Pozarevac SRB"]
[Date "2012.02.18"]
[Round "8.25"]
[White "Bozilov,D"]
[Black "Tasic,Z"]
[Result "0-1"]
[WhiteElo "1913"]
[BlackElo "2156"]

1.c4 b6 2.Nf3 Bb7 3.g3 Bxf3 4.exf3 c5 5.Bg2 Nc6 6.f4 Nf6 7.Nc3 g6 8.O-O Bg7
9.Ne2 Rc8 10.Rb1 O-O 11.d4 cxd4 12.Nxd4 Nxd4 13.Qxd4 e6 14.Qd3 Qc7 15.b3 d5
16.cxd5 Rfd8 17.d6 Qxd6 18.Qa6 Qd3 19.Qxd3 Rxd3 20.Bb2 Rd2 21.Bxf6 Bxf6 22.a4 Bd4
23.Rbd1 Bxf2+ 24.Kh1 Rxd1 25.Rxd1 a5 26.Be4 Rc3 27.Rd3 Rc1+ 28.Kg2 Bc5 29.Rd2 Kg7
30.Bd3 Bb4 31.Re2 Rd1 32.Bc4 h5 33.Re4 Rd2+ 34.Re2 Rd4 35.h4 Bc5 36.Kf3 Kf6
37.Re1 Rd2 38.Re2 Rd1 39.Re4 Rg1 40.Re5 Rd1 41.Re4 Ke7 42.Re5 Kd6 43.Re4 Rc1
44.Re5 Rc2 45.Re2 Rc3+ 46.Kg2 Be3 47.Re1 Kc5 48.Re2 Bd4 49.Re1 Rc2+ 50.Re2 Rc1
51.Re4 Rg1+ 52.Kf3 Rc1 53.Re2 Rc3+ 54.Kg2 Be3 55.Re1 Kd4 56.Rd1+ Ke4 57.Re1 Rc2+
58.Re2 Rc1 59.Kh2 Kf3 60.Rg2 Bf2 61.Ba6 Rc7 62.Bb5 Rc2 63.Kh3 Rc1 64.Kh2 Rc3
65.Bc4 Rc2 66.Kh3 Rb2 67.Bb5 Rxb3 68.Bc6+ Ke3 69.Be8 Rb4 70.Bxf7 Rxa4 71.Bxg6 Ra1
72.g4 Rh1+ 73.Rh2 hxg4+ 74.Kg2 Rxh2+  0-1

[Event "TCh-HUN 2011-12"]
[Site "Budapest HUN"]
[Date "2012.02.19"]
[Round "6"]
[White "Pirisi,G"]
[Black "Gara,A"]
[Result "1-0"]
[WhiteElo "2249"]
[BlackElo "2340"]

1.c4 b6 2.Nc3 Bb7 3.e4 e6 4.Nf3 c5 5.Be2 Nc6 6.O-O Nd4 7.Nxd4 cxd4 8.Nb5 a6
9.Nxd4 Bxe4 10.d3 Bb7 11.Bf3 Bxf3 12.Qxf3 Bd6 13.Bf4 Bxf4 14.Qxf4 Ne7 15.b4 d6
16.Qf3 Qc8 17.a4 e5 18.Nb3 a5 19.b5 O-O 20.Rac1 Ra7 21.d4 exd4 22.Rfd1 Rc7
23.Nxd4 Re8 24.Re1 Qd7 25.h3 Rec8 26.Rc3 h6 27.Rce3 Ng6 28.Nc6 Kh7 29.Qe4 Rxc6
30.bxc6 Qxc6 31.Qxc6 Rxc6 32.Re4 Ne5 33.f4 Nxc4 34.Rc1 d5 35.Rd4 Rc5 36.Rb1 Kg6
37.Rb5 Rxb5 38.axb5 Kf5 39.Rxd5+ Ke4 40.Rd7 a4 41.Rxf7 a3 42.Rxg7 Kd3 43.Re7 Nd6
44.Ra7 Nxb5 45.Ra6 Ke4 46.Rxb6 a2 47.Ra6 Nc3 48.g3 h5 49.Kg2 h4 50.Ra5 Ne2
51.f5 hxg3 52.Rxa2 Nf4+ 53.Kxg3 Nd5 54.Kg4  1-0

[Event "ch-Moscow S/F 2012"]
[Site "Moscow RUS"]
[Date "2012.02.28"]
[Round "3"]
[White "Trofimovsky,A"]
[Black "Nefedov,Sergey"]
[Result "0-1"]
[WhiteElo "2103"]
[BlackElo "2277"]

1.c4 b6 2.Nf3 Bb7 3.g3 Nf6 4.Bg2 e6 5.O-O Be7 6.d4 O-O 7.d5 Na6 8.Nc3 Bb4
9.Nd4 Bxc3 10.bxc3 Nc5 11.Ba3 Rb8 12.e4 d6 13.Bxc5 dxc5 14.Nc2 e5 15.f4 Qe7
16.f5 Ne8 17.Ne3 f6 18.g4 Nd6 19.a4 a6 20.Qe2 Bc8 21.Rfb1 Bd7 22.Qc2 Rb7
23.a5 b5 24.Rb2 Rfb8 25.Rab1 g6 26.Kh1 Qg7 27.Bf3 Qh6 28.Qe2 bxc4 29.Rxb7 Rxb7
30.Rxb7 Nxb7 31.Kg2 Nd6 32.Qd2 Qf8 33.Qb2 Bb5 34.Qa3 Nf7 35.Kf2 Qh6 36.Qxc5 Qxh2+
37.Ng2 Ng5 38.Qe3 Nh3+ 39.Ke2 Nf4+ 40.Kf2 Nd3+ 41.Ke2 Qh1 42.Qa7 Ba4 43.Qb8+ Kg7
44.Qxc7+ Kh6 45.fxg6 Qd1+ 46.Ke3 Qc1+  0-1

[Event "TCh-CZE Extraliga 2011-12"]
[Site "Czech Republic CZE"]
[Date "2012.03.03"]
[Round "7.4"]
[White "Talla,V"]
[Black "Rausis,I"]
[Result "0-1"]
[WhiteElo "2399"]
[BlackElo "2497"]

1.c4 b6 2.Nc3 e6 3.e4 Bb7 4.g3 f5 5.Bg2 Nf6 6.d3 fxe4 7.dxe4 Bc5 8.Nge2 O-O
9.h3 Bxf2+ 10.Kxf2 Nxe4+ 11.Kg1 Nf2 12.Bxb7 Nxd1 13.Nxd1 Nc6 14.Bf4 e5 15.Be3 Rb8
16.Bxc6 dxc6 17.Nec3 Rf3 18.Kh2 Qd3 19.Re1 Rbf8 20.Kg2 h5 21.Nf2 Rxf2+  0-1

[Event "2nd HD Bank Cup 2012"]
[Site "Ho Chi Minh City VIE"]
[Date "2012.03.06"]
[Round "7.9"]
[White "Vo Thanh Ninh"]
[Black "Xiu Deshun"]
[Result "1/2-1/2"]
[WhiteElo "2340"]
[BlackElo "2492"]

1.c4 b6 2.Nc3 c5 3.e4 Bb7 4.Nge2 e6 5.g3 a6 6.Bg2 d6 7.d3 Qc7 8.a3 Nd7 9.Rb1 g6
10.O-O Bg7 11.Bf4 Ne7 12.b4 Ne5 13.Qb3 Bc6 14.Rfd1 O-O 15.h3 Rab8 16.Rbc1 Bb7
17.Qa2 N5c6 18.Rb1 Nd4 19.Qd2 f5 20.b5 fxe4 21.Nxd4 cxd4 22.Nxe4 e5 23.Bh6 a5
24.Rf1 Nf5 25.Bxg7 Kxg7 26.Ng5 Qe7 27.Bd5 Kh8 28.Rbc1 Ne3 29.fxe3 Qxg5 30.Bxb7 Rxf1+
31.Rxf1 Rxb7 32.Qf2 Qxe3 33.Qxe3 dxe3 34.Rf3 Kg7 35.Rxe3 Rf7 36.Kg2 Rf5 37.Rf3 Kf6
38.g4 Rxf3 39.Kxf3 Ke6 40.Ke4 g5 41.a4 h6 42.d4  1/2-1/2

[Event "83rd ch-GER 2012"]
[Site "Osterburg GER"]
[Date "2012.03.06"]
[Round "5"]
[White "Siebrecht,S"]
[Black "Khenkin,I"]
[Result "0-1"]
[WhiteElo "2463"]
[BlackElo "2632"]

1.c4 b6 2.Nc3 Bb7 3.e4 e6 4.Nge2 Nf6 5.d3 d5 6.cxd5 exd5 7.e5 Nfd7 8.d4 c5
9.f4 Nc6 10.Be3 cxd4 11.Nxd4 Nxd4 12.Bxd4 Bc5 13.Bb5 O-O 14.Bxd7 Qxd7 15.O-O Rac8
16.Rf2 Bxd4 17.Qxd4 Rc4 18.Qd3 Rfc8 19.Re1 d4 20.f5 Qc6 21.Ne4 Rc1 22.Re2 Qa4
23.f6 Qb4 24.Qg3 g6 25.Nd6 d3 26.Nxc8 d2 27.Ne7+ Kf8 28.Rxd2 Qxd2 29.Rxc1 Qxc1+
30.Kf2 Qd2+ 31.Kg1 Qc1+ 32.Kf2 Qxb2+ 33.Ke3 Qxa2 34.Qf4 Qxg2 35.e6 fxe6 36.Nxg6+ hxg6
37.Qd6+ Kg8 38.Qd8+ Kh7 39.Qe7+ Kh6 40.f7 Qe4+ 41.Kd2 Qd4+ 42.Ke2 Ba6+ 43.Kf3 Qd3+
44.Kf4 Qd2+ 45.Kg3 Qe1+ 46.Kf3 Bb7+ 47.Kg4 Qe4+ 48.Kg3 Qf3+ 49.Kh4 Qf4+ 50.Kh3 Kh5  0-1

[Event "ch-VIE Men 2012"]
[Site "Can Tho VIE"]
[Date "2012.03.21"]
[Round "4"]
[White "Lu Chan Hung"]
[Black "Tran Quoc Dung"]
[Result "1-0"]
[WhiteElo "2089"]
[BlackElo "2296"]

1.c4 b6 2.e4 Bb7 3.Nc3 g6 4.d4 Bg7 5.h4 h5 6.Bg5 d6 7.Nge2 c5 8.d5 Na6 9.Qd2 Nc7
10.Ng3 Nf6 11.Be2 Qd7 12.Bd1 a6 13.Na4 b5 14.Nb6 Qd8 15.Nxa8 Nxa8 16.cxb5 axb5
17.Be2 Qb6 18.O-O Ba6 19.Rac1 Ng4 20.Bxg4 hxg4 21.h5 gxh5 22.Nf5 Bf8 23.Qc3 f6
24.b4 c4 25.Bxf6 exf6 26.Qxf6 Rh7 27.e5 dxe5 28.Qxe5+ Kd8 29.Rfe1 Bxb4 30.Qe8+ Kc7
31.Re6 Rd7 32.Qxa8 Bd6 33.Nxd6 Rxd6 34.Re7+ Rd7 35.Rxd7+ Kxd7 36.Re1 Bc8
37.Re6 Qb7 38.Qa3 Kd8 39.Qf8+ Kc7 40.Qd6+  1-0